000 01399cam a22002174a 4500
999 _c4292
_d4292
020 _a0072402709 (alk. paper)
020 _a0072524057 (CDROM)
050 0 0 _aHF1017
_b.A26
100 1 _aAczel, Amir D.
245 1 0 _aComplete business statistics /
_cAmir D. Aczel, Jayavel Sounderpandian.
250 _a5th ed.
260 _aBoston, Mass. :
_bMcGraw-Hill/Irwin,
_c2002.
300 _axxix, 877 p. :
_bill. (some col.) ;
_c26 cm. +
_e1 CD-ROM (4 3/4 in.)
440 4 _aThe Irwin/McGraw-Hill series in operations and decision sciences
500 _aAccompanied by Student Resource CD-Rom.
505 _aCh. 0. Working with Templates -- Ch. 1. Introduction and Descriptive Statistics -- Ch. 2. Probability -- Ch. 3. Random Variables -- Ch. 4. The Normal Distribution -- Ch. 5. Sampling and Sampling Distributions -- Ch. 6. Confidence Intervals -- Ch. 7. Hypothesis Testing -- Ch. 8. The Comparison of Two Populations -- Ch. 9. Analysis of Variance -- Ch. 10. Simple Linear Regression and Correlation -- Ch. 11. Multiple Regression -- Ch. 12. Time Series, Forecasting, and Index Numbers -- Ch. 13. Quality Control and Improvement -- Ch. 14. Nonparametric Methods and Chi-Square Tests -- Ch. 15. Bayesian Statistics and Decision Analysis -- Ch. 16. Sampling Methods.
650 0 _aCommercial statistics.
650 0 _aStatistics.
700 1 _aSounderpandian, Jayavel.
942 _cBK